000 00787naa a22002417a 4500
001 BR8305781
003 BR-BrBNA
005 20250721154421.0
007 ta
008 250630b bl.|||m| |||| 00| 0 por d
040 _aBR-BrBNA
_bpor
_cBiblioteca Nacional de Agricultura
041 _a(Pt)
072 _aF06
090 _aF06 BR8305781
100 1 _aAndrade, G.O.C. de
245 1 _aTabuleiros em encosta [sistema de irrigacao]
250 1 _a2. ed.
500 _aPROVARZEAS Nacional 2. ed.Brasilia, DF (Brasil): 1983. p. 105-120 [60 illus.] (BR8305781-AMS)
650 _aIRRIGACAO POR INUNDACAO
490 _aInformacao Tecnica - Programa Nacional para Aproveitamento de Varzeas Irrigaveis (Brazil)
_vno. 2
942 _cAMS
_2AGRIS
909 _a202506
_bLúcia
_c55
_dLúcia Elande
999 _c334618
_d334618